000 00632nam a2200241Ia 4500
003 OSt
005 20221007075329.0
006 a|||||r|||| 00| 0
007 ta
008 221006b |||||||| |||| 00| 0 eng d
024 _a4,609
037 _cTextual
040 _aFLL
_cFLL
_beng
041 _2eng
_aeng
082 _aZ2,805, N6
100 _aSarkar Prabhas Au.
_9693794
245 0 _aLaw of criminal procedure
250 _a7th
260 _aNew Delhi
_bIndia law house India
_c1996
300 _acxxviii,1616p
_ccm.
942 _hZ2,805, N6
_cTEXL
_2CC
999 _c1155647
_d1155647